000 00613nam a2200193 a 4500
001 000011167
005 20240412074224.0
008 091014t1975 dr 001 p spa d
040 _aDO-SdBNP
_bspa
_cBNPHU
082 _aRD861.44
_bR457so
100 1 _aReyes Vásquez, Radhamés
_926674
245 1 0 _aSobre el tiempo presente :
_b(poemas) /
_cRadhamés Reyes Vásquez.
260 _aSanto Domingo :
_bColorama,
_c1975.
300 _a[47p.] ;
_c22 cm.
590 _aInventariado, 2020/BT
650 0 _aPoesía dominicana
_966
650 0 _aLiteratura dominicana.
_967
910 _aValidado. Control de calidad EMS.
999 _c10892
_d10892